Statistics for All Countries starting with a N

Click here to take the quiz!

General Stats

  • This quiz has been taken 28 times
  • The average score is 9 of 11

Answer Stats

Answer% Correct
Niger
96%
Nigeria
96%
Namibia
92%
Netherlands
85%
Norway
85%
Nauru
81%
New Zealand
81%
Nepal
77%
Nicaragua
77%
North Korea
77%
Niue
12%

Score Distribution

Percentile by Number Answered

Percent of People with Each Score

Your Score History

You have not taken this quiz